Normal view
MARC view
Entry Personal Name
001 - CONTROL NUMBER
- control field: 3947
003 - CONTROL NUMBER IDENTIFIER
- control field: BD-RjUL
005 - DATE AND TIME OF LATEST TRANSACTION
- control field: 20220629141750.0
008 - FIXED-LENGTH DATA ELEMENTS
- fixed length control field: 220629|| aca||aabn | a|a d
040 ## - CATALOGING SOURCE
- Original cataloging agency: BD-RjUL
- Transcribing agency: BD-RjUL
100 ## - HEADING--PERSONAL NAME
- Personal name: [Ibn Attia Jarir] ابن عطية , جرير
670 ## - SOURCE DATA FOUND
- Source citation: Work cat.: (BD-RjUL)80060: [Ibn Attia Jarir] ابن عطية , جرير, ديوان نادرة زمانه وفريد عصره واوانه جرير بن عطية الخطف ;; diwan nadirat zamanih wafarid easrah wawanah jarir bn eatiat alkhatfi. /